Statistics for Every city in Zimbabwe

Click here to take the quiz!

General Stats

  • This quiz has been taken 11 times
  • The average score is 14 of 40

Answer Stats

CityPopulation% Correct
HHarare1,491,740
90%
BBulawayo665,940
80%
CChinhoyi90,800
50%
CChitungwiza371,244
50%
GGweru158,200
50%
KKariba27,600
50%
KKwekwe119,863
50%
MMasvingo90,286
50%
MMutare224,802
50%
CChegutu65,800
40%
GGokwe33,075
40%
KKadoma116,300
40%
MMarondera66,203
40%
VVictoria Falls35,199
40%
ZZvishavane59,717
40%
BBanket9,845
30%
BBeitbridge58,100
30%
BBindura50,400
30%
CChipinge34,959
30%
CChiredzi40,100
30%
CChivhu12,958
30%
EEpworth206,365
30%
GGwanda26,700
30%
HHwange21,300
30%
KKaroi34,200
30%
MMurehwa11,750
30%
MMutoko12,336
30%
MMvurwi15,645
30%
NNorton87,038
30%
PPlumtree14,459
30%
RRusape37,906
30%
SShamva908
30%
GGlendale9,798
20%
LLupane2,211
20%
MMashava Mine5,859
20%
MMhangura Mine2,930
20%
MMount Hampden9,245
20%
RRedcliff41,526
20%
RRuwa94,083
20%
SShurugwi22,900
20%

Score Distribution

Percentile by Number Answered

Percent of People with Each Score

Your Score History

You have not taken this quiz